|
|
|
|
| LEADER |
00000nas a2200000 a 4500 |
| 001 |
vtls001225240 |
| 003 |
SK-MaSNL |
| 005 |
20260331203519.0 |
| 008 |
160329s1991 FR r y 0 fre |
| 015 |
|
|
|a SNBZSA1997-00050
|
| 020 |
|
|
|a 2713211999
|
| 020 |
|
|
|a 2720403156
|
| 035 |
|
|
|a SNK000172155
|
| 040 |
|
|
|a SNK
|b slo
|c SNK
|e AACR2
|
| 041 |
0 |
|
|a fre
|
| 044 |
|
|
|a FR
|
| 080 |
|
|
|a 011(4-11)"1991"=20=30=40
|2 1. stred. slo
|
| 100 |
1 |
|
|a Armand, Monique
|4 zos
|9 270214
|
| 245 |
0 |
0 |
|a European Bibliography of Slavic and East European Studies
|
| 246 |
1 |
0 |
|a Bibliographie européenne des travaux sur l'ex-URSS et l'Europe de l'Est%10
|a Europäische Bibliographie zur Osteuropaforschung
|
| 246 |
1 |
1 |
|a Bibliographie européenne des travaux sur l'ex-URSS et l'Europe de l'Est
|
| 246 |
1 |
1 |
|a Europäische Bibliographie zur Osteuropaforschung
|
| 260 |
|
|
|a Paris
|b cole des Hautes tudes en Sciences Sociales
|b Institut d'tudes Slaves
|c 1995
|
| 300 |
|
|
|a xxxv, 362 s.
|c 30 cm
|
| 500 |
|
|
|a Súbež. náz. a úvod franc. a nem.
|
| 500 |
|
|
|a ISSN 1259-458X
|
| 504 |
|
|
|a Rôzne reg.
|
| 505 |
0 |
|
|a Czechoslovakia zázn. č. 1752-2283
|
| 650 |
0 |
7 |
|a bibliografie medzinárodné
|z Európa stredná
|z Európa východná
|y 1991
|2 SNK
|9 270215
|
| 655 |
|
7 |
|a neperiodické bibliografie
|2 SNK
|9 60408
|
| 700 |
1 |
|
|a Gaignebet, Wanda
|4 zos
|9 270216
|
| 700 |
1 |
|
|a Kornbaum, Paerle
|4 zos
|9 270217
|
| 710 |
0 |
|
|a Institut d'tudes Slaves
|4 vyd
|9 270218
|
| 850 |
|
|
|a Slovenská národná knižnica v Martine
|
| 919 |
|
|
|a 2-7132-1199-9
|
| 919 |
|
|
|a 2-7204-0315-6
|
| 958 |
|
|
|a ZS
|
| 958 |
|
|
|a TL
|
| 958 |
|
|
|a SF
|
| 984 |
|
|
|a 095
|d 19970429
|
| 999 |
|
|
|c 6512
|d 8442
|
| 952 |
|
|
|a SNK
|b SNK
|y PREZ
|7 0
|p 17A0189812
|o snkČSB 3686/19/1993
|i snkV 287/99
|8 2
|0 0
|1 0
|4 0
|d 1999-04-16
|l 0
|r 2005-01-02 00:00:00
|w 2026-02-21
|
| 952 |
|
|
|a SNK
|b SNK
|y PREZ
|7 0
|p 17A0231769
|o snkČSB 3686/20/1994
|i snkV 329/2000
|8 2
|0 0
|1 0
|4 0
|d 2000-02-24
|l 0
|r 2005-01-02 00:00:00
|w 2026-02-21
|
| 952 |
|
|
|a SNK
|b SNK
|y PREZ
|7 0
|p 17A0138388
|o snkČSB 3686/18/1992
|i snkV 548/98
|8 2
|0 0
|1 0
|4 0
|d 1998-05-13
|l 0
|r 2005-01-02 00:00:00
|w 2026-02-21
|
| 952 |
|
|
|a SNK
|b SNK
|y PREZ
|7 0
|p 17A0027697
|o snkČSB 3686/17/1991
|i snkV 217/97
|8 2
|0 0
|1 0
|4 0
|d 1997-01-17
|l 0
|r 2005-01-01 00:00:00
|w 2026-02-21
|